000 01497nam a2200409 c 4500
999 _c137373
_d137373
003 BLK
005 20250219150256.0
008 180409b bul|||||r ||||||| ||bul||
010 _aKNG00143343000
020 _a978-954-320-427-4
040 _aBLK
041 _aBUL
_cBUL
072 7 _2bullib
_aН39
_xЕтнология. Фолклористика Н
080 _b305-055.2
_x(100)(092)
_z305-055.2(100)(092)
080 _aБиографии
_b929
_x(100)
_z929(100)
100 1 _aДюкре, Диан
_eпърви автор
_966180
139 _aДюкре, Диан
_bД 97
245 1 0 _aЖените на диктаторите
_cДиан Дюкре; прев. от фр. Гинка Асенова.
257 _aFRA
260 _bРива
_c2013
_fВ. Търново : Абагар
300 _a304 с.
_c23 см
380 _a3
500 _aОриг. загл. Demmes de dictateur / Diane Ducret. - Библиогр. с.293-302.
650 4 _aЖени - участие в обществено-политическия живот
_9278796
653 _aжени
653 _aобществено-политически живот
653 _aдиктатори
659 _aН
700 1 _aАсенова, Гинка
_eпрев. от фр.
_9369113
852 _aЦб 259625
856 4 _qpdf
856 4 _qpdf
942 _cKNG
_n0
_03
_s1
944 _aCR
_c31.05.2013
_lМинев Младен
_k30530
944 _aED
_c07.06.2013
_lф /
999 _d137373